States and Territories of Australia With a Disappearing Map - Statistics

General Stats
  • This quiz has been taken 120 times
  • The average score is 6 of 8
Answers on the Map
Answers color-coded by a green-red scale on the quiz's map according to % correct below.
 
Answer Stats
Hint Hint Country % Correct
480.5 125.0 Tasmania
94%
234.0 373.0 Queensland
87%
384.0 118.7 New South Wales
86%
241.4 204.0 Victoria
86%
425.5 124.0 Western Australia
86%
528.0 149.2 Northern Territory
78%
420.0 301.2 South Australia
74%
384.2 167.2 Australia Capital Territory
48%
No matching quizzes found
Score Distribution
Percent of People with Each Score
Percentile by Number Answered
Your Score History
You have not taken this quiz